Food Service

Saved in:
Bibliographic Details
Format: Serial
Language:Czech
Published: Praha Československé odborné nakladatelství 1994
Tags: Add Tag
No Tags, Be the first to tag this record!

MARC

LEADER 00000nas2a2200000 4500
001 s017888
005 20250728075444.7
041 0 |a cze 
044 |a CZ 
245 1 0 |a Food Service 
264 1 |a Praha  |b Československé odborné nakladatelství  |c 1994 
300 |a 1 zv.